[Event "Cheadle FIDE Open 1st"]
[Site "Cheadle"]
[Date "2025.02.06"]
[Round "6.2"]
[White "Surtees, Mike J"]
[Black "Longson, Sarah N"]
[Result "1-0"]
[WhiteElo "2083"]
[BlackElo "1934"]
[PlyCount "131"]
[EventDate "2025.02.04"]
[EventType "swiss"]
[EventRounds "6"]
[EventCountry "ENG"]

1. b3 d5 2. g3 e5 3. Bg2 Nf6 4. d3 Bd6 5. e3 c6 6. Nd2 Be6 7. Bb2 Nbd7 8. Ne2 Qe7 9. a3 h5 10. h3 O-O-O 11. Qb1 Nh7 12. c4 f5 13. Qc2 Kb8 14. b4 h4 15. c5 Bc7 16. d4 hxg3 17. fxg3 e4 18. h4 g5 19. O-O-O gxh4 20. Rxh4 Rdg8 21. Rdh1 Bxg3 22. Nxg3 Rxg3 23. Nf1 Rg7 24. Qf2 Qg5 25. Bh3 Ndf8 26. Rh2 Ng6 27. Rg2 Qxh4 28. Qxh4 Nxh4 29. Rxg7 Nf8 30. Kd1 Nhg6 31. Bg2 f4 32. exf4 Nxf4 33. Bc1 N8g6 34. Ne3 Rh2 35. Bf1 Rh1 36. Kc2 Rh6 37. b5 Nh5 38. Nxd5 Nxg7 39. Bxh6 Nf5 40. Nf4 Ne3+ 41. Kc3 Nxf1 42. Nxg6 cxb5 43. Ne7 Bc4 44. Bf4+ Ka8 45. Nf5 e3 46. Bxe3 Be6 47. Ng7 Nxe3 48. Nxe6 Nd5+ 49. Kd3 b4 50. axb4 Nxb4+ 51. Kc4 Na6 52. Kd5 Kb8 53. Kd6 Nb4 54. d5 a5 55. Nd4 a4 56. Nb5 Kc8 57. Ke6 Nd3 58. Nd6+ Kc7 59. Nb5+ Kb8 60. Kd6 Nb4 61. Na3 Nd3 62. c6 bxc6 63. dxc6 Kc8 64. Nc4 a3 65. Nb6+ Kb8 66. c7+ 1-0

[Event "Cheadle FIDE Open 1st"]
[Site "Cheadle"]
[Date "2025.02.06"]
[Round "6.3"]
[White "Caldwell, Susan L"]
[Black "Byron, Alan M"]
[Result "1/2-1/2"]
[WhiteElo "2150"]
[BlackElo "2035"]
[PlyCount "30"]
[EventDate "2025.02.04"]
[EventType "swiss"]
[EventRounds "6"]
[EventCountry "ENG"]

1. d4 Nf6 2. Nc3 d5 3. Bf4 g6 4. Nf3 Bg7 5. h4 h5 6. e3 O-O 7. Ne5 c5 8. Be2 Nc6 9. Qd2 Be6 10. f3 Qa5 11. Nxc6 bxc6 12. Be5 Nd7 13. Bxg7 Kxg7 14. dxc5 Qxc5 15. Qd4+ Qxd4 1/2-1/2

[Event "Cheadle FIDE Open 1st"]
[Site "Cheadle"]
[Date "2025.02.06"]
[Round "6.4"]
[White "Longson, Alexander"]
[Black "Moore, Geoffrey R"]
[Result "1-0"]
[WhiteElo "2243"]
[BlackElo "1983"]
[PlyCount "59"]
[EventDate "2025.02.04"]
[EventType "swiss"]
[EventRounds "6"]
[EventCountry "ENG"]

1. e4 e5 2. Bc4 Nf6 3. d3 Nc6 4. Nf3 Be7 5. O-O d6 6. a4 a5 7. Re1 O-O 8. h3 Kh8 9. Nc3 Ng8 10. d4 Nxd4 11. Nxd4 exd4 12. Qxd4 Bf6 13. Qd3 g6 14. Nd5 Bg7 15. c3 f5 16. Qg3 Be6 17. exf5 Bxf5 18. Bg5 Qd7 19. Qh4 Rfe8 20. g4 Re4 21. Rxe4 Bxe4 22. Nf4 d5 23. Bxd5 Nf6 24. Bxf6 Bxd5 25. Nxg6+ Kg8 26. Ne7+ Kf7 27. Qh5+ Kxf6 28. Nxd5+ Ke6 29. Nf4+ Kf6 30. Qxh7 1-0

[Event "Cheadle FIDE Open 1st"]
[Site "Cheadle"]
[Date "2025.02.06"]
[Round "6.5"]
[White "Lee, Daniel T"]
[Black "Zhu, Yaoyao"]
[Result "0-1"]
[WhiteElo "1955"]
[BlackElo "1931"]
[PlyCount "52"]
[EventDate "2025.02.04"]
[EventType "swiss"]
[EventRounds "6"]
[EventCountry "ENG"]

1. d4 d5 2. c4 e6 3. Nc3 h6 4. Nf3 Nf6 5. g3 Bd6 6. Bg2 O-O 7. O-O Nc6 8. cxd5 exd5 9. Nb5 Re8 10. Nxd6 cxd6 11. Bf4 Nh5 12. Be3 Nf6 13. Ne1 Bf5 14. Nc2 Rc8 15. Rc1 Qb6 16. b3 Qa6 17. a3 Ne4 18. Bd2 Bg4 19. f3 Nxd2 20. Qxd2 Rxe2 21. Qf4 Be6 22. Rfd1 g5 23. Qxd6 Rxg2+ 24. Kh1 Qe2 25. g4 Rd8 26. Qc7 Rd7 0-1

[Event "Cheadle FIDE Open 1st"]
[Site "Cheadle"]
[Date "2025.02.06"]
[Round "6.6"]
[White "Newton, Robert A"]
[Black "Nyamandi, Langutani Lucas"]
[Result "1/2-1/2"]
[WhiteElo "1872"]
[BlackElo "1594"]
[PlyCount "135"]
[EventDate "2025.02.04"]
[EventType "swiss"]
[EventRounds "6"]
[EventCountry "ENG"]

1. d4 c6 2. Nf3 g6 3. Bf4 Bg7 4. h3 Nf6 5. Nbd2 d5 6. e3 Qb6 7. Bd3 Bf5 8. Qe2 Bxd3 9. Qxd3 Na6 10. O-O O-O 11. a3 c5 12. c3 Rac8 13. Rab1 Rfd8 14. Rfe1 c4 15. Qc2 Nc7 16. Ne5 Nce8 17. f3 Nd6 18. Bg3 Nh5 19. Bf2 Bxe5 20. dxe5 Ne8 21. f4 Qc6 22. Nf3 b6 23. Nd4 Qb7 24. g4 Nhg7 25. Bg3 Nc7 26. f5 Na6 27. Rf1 Nc5 28. Rf3 Ne4 29. Bf4 a6 30. h4 Qd7 31. Qg2 Kh8 32. e6 fxe6 33. fxe6 Nxe6 34. Be5+ Kg8 35. Rbf1 Rf8 36. g5 Nxd4 37. exd4 Rxf3 38. Qxf3 Qe6 39. Qf4 b5 40. Kh2 a5 41. h5 gxh5 42. g6 Nf6 43. gxh7+ Kxh7 44. Bxf6 exf6 45. Qf5+ Qxf5 46. Rxf5 Rd8 47. Rxf6 b4 48. Kh3 bxc3 49. bxc3 Rb8 50. Rf5 Rb3 51. Rxh5+ Kg6 52. Rxd5 Rxc3+ 53. Kg4 Rxa3 54. Rd6+ Kf7 55. Rc6 c3 56. Kf5 Rb3 57. Rc7+ Ke8 58. d5 Kd8 59. d6 c2 60. Rxc2 Kd7 61. Rc5 a4 62. Ra5 a3 63. Ke5 Re3+ 64. Kd5 Rd3+ 65. Kc5 Rc3+ 66. Kd5 Rd3+ 67. Kc5 Rc3+ 68. Kd5 1/2-1/2

[Event "Cheadle FIDE Open 1st"]
[Site "Cheadle"]
[Date "2025.02.06"]
[Round "6.7"]
[White "Cook, Michael Anthony"]
[Black "Hall, Alan A"]
[Result "1-0"]
[WhiteElo "1947"]
[BlackElo "1786"]
[PlyCount "100"]
[EventDate "2025.02.04"]
[EventType "swiss"]
[EventRounds "6"]
[EventCountry "ENG"]

1. e4 e5 2. Nf3 Nf6 3. Nc3 Bb4 4. Bc4 d6 5. a3 Ba5 6. d3 h6 7. h3 O-O 8. b4 Bb6 9. Na4 Nc6 10. O-O Bd7 11. Re1 Nd4 12. Nxb6 Nxf3+ 13. Qxf3 axb6 14. Bb3 Ba4 15. Bxa4 Rxa4 16. c4 Nh7 17. Qd1 Ra8 18. Bb2 c5 19. bxc5 bxc5 20. Bc1 f5 21. exf5 Rxf5 22. Qg4 Rf6 23. Rb1 b6 24. Re2 Nf8 25. Qe4 Nd7 26. Ra2 Ra7 27. Re2 Qe8 28. f4 Qa8 29. fxe5 Qxe4 30. Rxe4 dxe5 31. Bb2 Rf4 32. Rxf4 exf4 33. Rf1 g5 34. g3 fxg3 35. Kg2 Nf8 36. Kxg3 Rd7 37. Rf3 Ng6 38. Rf6 Kh7 39. Rxb6 Rxd3+ 40. Kg4 Nf4 41. Rb7+ Kg8 42. h4 Rd2 43. hxg5 Nd3 44. Bf6 hxg5 45. Kxg5 Rg2+ 46. Kf5 Rf2+ 47. Ke6 Re2+ 48. Kd5 Ra2 49. Ra7 Rf2 50. Be7 Rf5+ 1-0

[Event "Cheadle FIDE Open 1st"]
[Site "Cheadle"]
[Date "2025.02.06"]
[Round "6.8"]
[White "Bamford, Paul"]
[Black "Banerjee, Sanjoy K"]
[Result "1-0"]
[WhiteElo "1704"]
[BlackElo "1750"]
[PlyCount "129"]
[EventDate "2025.02.04"]
[EventType "swiss"]
[EventRounds "6"]
[EventCountry "ENG"]

1. d4 d5 2. Nf3 Nf6 3. e3 c6 4. Nbd2 h6 5. c4 Bf5 6. Qb3 Qb6 7. c5 Qc7 8. Bd3 Ne4 9. O-O Nd7 10. Bxe4 dxe4 11. Ne1 Nf6 12. f3 e6 13. Nc4 exf3 14. Nxf3 Ne4 15. Nfd2 Be7 16. Nxe4 Bxe4 17. Bd2 O-O 18. Be1 Bg5 19. Bg3 Qd7 20. Bd6 Be7 21. Bxe7 Qxe7 22. Nd6 Bd5 23. Qd3 f5 24. b3 Rf6 25. Rf2 Raf8 26. Raf1 b6 27. b4 b5 28. Qe2 Rd8 29. Qh5 Rdf8 30. Qe2 g5 31. Qc2 Qg7 32. a4 a6 33. axb5 axb5 34. Ra1 f4 35. e4 f3 36. Rd1 Qg6 37. exd5 Qxc2 38. Rxc2 f2+ 39. Kf1 exd5 40. Rdd2 Ra8 41. Ra2 Ra4 42. Rxa4 bxa4 43. Ra2 Rf4 44. Rxa4 Rxd4 45. Kxf2 Rf4+ 46. Ke2 h5 47. Ra7 Rxb4 48. Rc7 Rb2+ 49. Kf1 d4 50. Rxc6 d3 51. Nc4 Rc2 52. Ne3 Rc1+ 53. Kf2 Rc2+ 54. Kf3 g4+ 55. Ke4 Rc3 56. Rd6 Rxc5 57. Rxd3 Rg5 58. Rd5 Rxd5 59. Nxd5 Kg7 60. Kf5 Kh6 61. Kf6 h4 62. Kf5 Kh5 63. Nf4+ Kh6 64. Kxg4 h3 65. Nxh3 1-0

[Event "Cheadle FIDE Open 1st"]
[Site "Cheadle"]
[Date "2025.02.06"]
[Round "6.9"]
[White "Plotnikov, Matvii"]
[Black "Alamri, Abdulaziz"]
[Result "0-1"]
[WhiteElo "1688"]
[BlackElo "1775"]
[PlyCount "102"]
[EventDate "2025.02.04"]
[EventType "swiss"]
[EventRounds "6"]
[EventCountry "ENG"]

1. Nf3 c5 2. g3 Nc6 3. Bg2 d5 4. O-O Nf6 5. d3 e5 6. Nbd2 Bd6 7. e4 d4 8. c3 h6 9. cxd4 cxd4 10. a3 Be6 11. b4 O-O 12. h3 b5 13. Nh4 Rc8 14. Nf5 Ne7 15. Nxd6 Qxd6 16. Nb3 Nd7 17. Bd2 f5 18. f4 fxe4 19. dxe4 Bc4 20. Rf2 Qe6 21. f5 Qf7 22. Na5 Rc7 23. Rc1 Nc8 24. a4 a6 25. axb5 axb5 26. Qf3 Nd6 27. g4 Nf6 28. Re1 Qe8 29. Qg3 Re7 30. Nb3 Bxb3 31. Qxb3+ Nc4 32. Bf3 g5 33. h4 Rg7 34. Rh2 Qf7 35. Bc1 Ra8 36. hxg5 hxg5 37. Rh6 Ra1 38. Kf2 Rh7 39. Bxg5 Rxh6 40. Rxa1 Rh2+ 41. Kg1 Rb2 42. Ra8+ Kg7 43. Qd1 Nd2 44. Bxd2 Qc4 45. Ra7+ Kf8 46. Bh6+ Ke8 47. g5 d3 48. Ra8+ Kd7 49. Ra7+ Kc8 50. Kh1 Nxe4 51. Qa1 Ng3+ 0-1

[Event "Cheadle FIDE Open 1st"]
[Site "Cheadle"]
[Date "2025.02.06"]
[Round "6.11"]
[White "Richards, Simon"]
[Black "Doherty, Paul D"]
[Result "1-0"]
[WhiteElo "1668"]
[BlackElo "1835"]
[PlyCount "75"]
[EventDate "2025.02.04"]
[EventType "swiss"]
[EventRounds "6"]
[EventCountry "ENG"]

1. Nc3 c5 2. e4 e6 3. f4 Ne7 4. Nf3 a6 5. a4 g6 6. Be2 Bg7 7. O-O b6 8. d3 Nbc6 9. Be3 Bb7 10. Qe1 Nd4 11. Bd1 f5 12. Bxd4 cxd4 13. Ne2 fxe4 14. dxe4 Bxe4 15. Nfxd4 O-O 16. c3 Nd5 17. Qg3 Nf6 18. Bb3 Nh5 19. Qe3 Bd5 20. Bxd5 exd5 21. Rad1 Re8 22. Qf3 Nf6 23. Ng3 b5 24. axb5 axb5 25. f5 g5 26. Nh5 Nxh5 27. Qxh5 Bf6 28. Qf3 Re4 29. Qg3 Qb6 30. Kh1 Ra2 31. Nf3 h6 32. Rxd5 Rf4 33. h4 Qe3 34. Kh2 h5 35. hxg5 Rg4 36. Qb8+ Kf7 37. Rxd7+ Be7 38. Ne5+ 1-0